000
00300nam a2200133Ia 4500
005
20251222143153.0
008
251222s9999||||xx |||||||||||||| ||spa||
020
_a
84-397-1045-3
082
_a
839.366/C72F
100
_a
Coetzee, John Maxwell
245
0
_a
Foe
264
_b
Mondadori
942
_c
LIB
999
_c
12748
_d
12748